[Event "CAN-ch"]
[Site "Kingston CAN"]
[Date "2022.04.15"]
[Round "5.5"]
[White "Plotkin, Mark"]
[Black "Atanasov, Anthony"]
[Result "0-1"]
[WhiteElo "2365"]
[BlackElo "2189"]
[PlyCount "114"]
[EventDate "2022.04.13"]
[EventType "swiss"]
[EventRounds "9"]
[EventCountry "CAN"]

1. e4 e5 2. Nc3 Nc6 3. Bc4 Nf6 4. d3 Na5 5. Nf3 Nxc4 6. dxc4 Bb4 7. Bd2 d6 8.
Qe2 b6 9. O-O-O Bb7 10. Nb1 Bxd2+ 11. Nfxd2 Qd7 12. f3 O-O-O 13. Nc3 Nh5 14. g3
Rhf8 15. Rhe1 g6 16. Nb3 Qe6 17. a4 a5 18. Nd5 Nf6 19. Nd2 Nxd5 20. cxd5 Qd7
21. Qc4 f5 22. Re3 Rf7 23. Rb3 Kb8 24. Ra3 Ka7 25. b4 Ba6 26. Qc3 axb4 27. Qxb4
Rdf8 28. a5 b5 29. Rf1 h5 30. Rc3 h4 31. Re1 hxg3 32. hxg3 Rh7 33. f4 exf4 34.
e5 fxg3 35. e6 Qe7 36. Nf3 g2 37. Kb2 Rh1 38. Qd4+ Kb7 39. Kb3 Rfh8 40. Ng1
R8h4 41. Qf2 b4 42. Rc6 Bb5 43. Rb6+ cxb6 44. Qxb6+ Ka8 45. Qxb5 Qb7 46. Qe8+
Ka7 47. Qd7 Re4 48. Rd1 Qxd7 49. exd7 Rh8 50. Rd2 Rd8 51. Rxg2 Rg4 52. Rxg4
fxg4 53. Kxb4 Rxd7 54. Kc3 g3 55. Kd3 g2 56. Ke2 Rf7 57. Nh3 Rf1 0-1

[Event "CAN-ch"]
[Site "Kingston CAN"]
[Date "2022.04.16"]
[Round "6.1"]
[White "Atanasov, Anthony"]
[Black "Rodrigue-Lemieux, Shawn"]
[Result "0-1"]
[WhiteElo "2189"]
[BlackElo "2342"]
[PlyCount "116"]
[EventDate "2022.04.13"]
[EventType "swiss"]
[EventRounds "9"]
[EventCountry "CAN"]

1. d4 Nf6 2. Nf3 d5 3. e3 c5 4. c3 Nc6 5. dxc5 a5 6. Bb5 Bd7 7. O-O e6 8. b4
axb4 9. Bxc6 Bxc6 10. cxb4 b6 11. a4 bxc5 12. bxc5 Bb5 13. axb5 Rxa1 14. Ba3
Rxa3 15. Nxa3 Bxc5 16. Qb3 O-O 17. Nc2 Qb6 18. Ra1 Rb8 19. Ncd4 Ne8 20. Qd3 Nc7
21. h3 Re8 22. Ne5 Bxd4 23. exd4 f6 24. Nd7 Qd6 25. Nc5 e5 26. Re1 Qb6 27. Rb1
exd4 28. Na4 Qa5 29. b6 Na6 30. Qxd4 Re4 31. Qc3 Qxa4 32. Qc8+ Re8 33. b7 d4
34. Re1 Kf8 35. Qa8 Rb8 36. Re6 Qb5 37. Rxa6 Qxb7 38. Qxb7 Rxb7 39. Rd6 Rb1+
40. Kh2 Rb4 41. Rd7 h5 42. Kg3 g5 43. h4 Ke8 44. Rd5 Ke7 45. hxg5 Ke6 46. Ra5
fxg5 47. Rxg5 d3 48. Ra5 Rd4 49. Ra1 d2 50. Rd1 Kd5 51. f3 Kc4 52. Kf2 Kd3 53.
Ra1 Kc2 54. g4 hxg4 55. fxg4 Rxg4 56. Ra2+ Kc1 57. Ra1+ Kb2 58. Rh1 Kc2 0-1

[Event "CAN-ch"]
[Site "Kingston CAN"]
[Date "2022.04.17"]
[Round "7.6"]
[White "Dorrance, Adam"]
[Black "Atanasov, Anthony"]
[Result "1/2-1/2"]
[WhiteElo "2260"]
[BlackElo "2189"]
[PlyCount "239"]
[EventDate "2022.04.13"]
[EventType "swiss"]
[EventRounds "9"]
[EventCountry "CAN"]

1. d4 Nf6 2. c4 g6 3. Nc3 d5 4. cxd5 Nxd5 5. e4 Nxc3 6. bxc3 Bg7 7. Bc4 c5 8.
Ne2 O-O 9. Be3 Nc6 10. Rc1 Qc7 11. h4 h5 12. Qd2 Rd8 13. Bh6 Bf6 14. Bf4 e5 15.
Bg5 Qe7 16. d5 Na5 17. Bb3 b5 18. Ng3 Nb7 19. Bd1 Nd6 20. Be2 Bg4 21. f3 Bd7
22. Qe3 Rac8 23. Nf1 Kg7 24. Bh6+ Kh7 25. Bg5 Kg7 26. Nd2 c4 27. g3 a5 28. f4
Re8 29. O-O exf4 30. Bxf6+ Qxf6 31. Rxf4 Qe5 32. Nf3 Qe7 33. Qd4+ f6 34. Bf1
Bg4 35. Nd2 Qe5 36. Qxe5 fxe5 37. Rf2 Rc7 38. Be2 Bxe2 39. Rxe2 b4 40. Kf2 Nb5
41. Nb1 Rf8+ 42. Kg2 b3 43. a4 Nd6 44. Nd2 Rcf7 45. Rb1 Kh6 46. Ra1 g5 47.
hxg5+ Kxg5 48. Rh1 Rf6 49. Rh4 R6f7 50. Rh1 Kg6 51. Rh4 Rb8 52. Rh1 Rbf8 53.
Rh4 Rf6 54. Rh1 R8f7 55. Rh4 Re7 56. Rh1 Rf8 57. Re3 Rb8 58. Re2 Rg8 59. Rf2
Reg7 60. Rf3 Kh6 61. Rh3 Rg4 62. Rf6+ R8g6 63. Rxg6+ Kxg6 64. Kf3 Nf7 65. Rh4
Rxh4 66. gxh4 Nd6 67. Ke3 b2 68. Nb1 Kf7 69. Na3 Ke7 70. Kd2 Nxe4+ 71. Kc2
b1=Q+ 72. Kxb1 Nxc3+ 73. Kc2 Nxd5 74. Nxc4 Nb4+ 75. Kc3 Nc6 76. Kd3 Kf6 77. Ke4
Ke6 78. Ne3 Nb4 79. Nc4 Nc6 80. Ne3 Nd8 81. Nc4 Nb7 82. Nxe5 Nc5+ 83. Kf4 Kd5
84. Ng6 Nxa4 85. Ke3 Kc4 86. Kd2 Nc3 87. Kc2 Nd5 88. Nf8 a4 89. Ne6 a3 90. Kb1
Nb4 91. Ka1 Kb3 92. Nd4+ Kc4 93. Ne6 Kc3 94. Kb1 Kd3 95. Ka1 Ke3 96. Ng7 Kd4
97. Ne6+ Kc3 98. Kb1 Nd5 99. Ka2 Kb4 100. Ka1 Ne3 101. Ka2 Nd5 102. Ka1 Ka4
103. Nc5+ Kb4 104. Ne6 Ne3 105. Kb1 Ng2 106. Ka2 Ka4 107. Nc5+ Kb5 108. Ne6 Kb4
109. Ng7 Nf4 110. Nf5 Ka4 111. Nd4 Nd3 112. Ne6 Kb4 113. Nd4 Nc1+ 114. Kb1 Kc4
115. Nc2 Nb3 116. Nxa3+ Kd3 117. Nb5 Nd2+ 118. Kc1 Nf3 119. Kd1 Ke3 120. Nd6
1/2-1/2

[Event "CAN-ch"]
[Site "Kingston CAN"]
[Date "2022.04.17"]
[Round "8.6"]
[White "Atanasov, Anthony"]
[Black "Chen, Max"]
[Result "0-1"]
[WhiteElo "2189"]
[BlackElo "1997"]
[PlyCount "100"]
[EventDate "2022.04.13"]
[EventType "swiss"]
[EventRounds "9"]
[EventCountry "CAN"]

1. d4 Nf6 2. c4 g6 3. Nc3 d5 4. Bg5 Ne4 5. h4 Nxg5 6. hxg5 c6 7. e3 Bg7 8. Qb3
e6 9. Nf3 h6 10. gxh6 Rxh6 11. Rxh6 Bxh6 12. Bd3 Nd7 13. Ke2 Bg7 14. Rh1 Kf8
15. Qc2 dxc4 16. Bxc4 c5 17. Rd1 cxd4 18. Nxd4 Qe7 19. Qe4 Nf6 20. Qd3 Bd7 21.
Nf3 Rc8 22. Bb5 Rxc3 23. bxc3 Bxb5 24. Qxb5 Ne4 25. Rd3 Nxc3+ 26. Rxc3 Bxc3 27.
Ne5 Qb4 28. Qxb4+ Bxb4 29. Kd3 Ke7 30. g4 Bd6 31. Nf3 f5 32. gxf5 exf5 33. Kc4
Ke6 34. a4 Be7 35. Nd4+ Ke5 36. Nf3+ Kd6 37. Nd4 Ke5 38. Nf3+ Kf6 39. Kd5 g5
40. Ne5 g4 41. Nd7+ Kg5 42. Ke6 Bb4 43. Ne5 Bc3 44. Nf7+ Kg6 45. Ke7 a6 46. Ke6
b5 47. axb5 axb5 48. Nd6 b4 49. e4 f4 50. Nb5 g3 0-1

[Event "CAN-ch"]
[Site "Kingston CAN"]
[Date "2022.04.18"]
[Round "9.8"]
[White "Atanasov, Anthony"]
[Black "Derraugh, Geordie"]
[Result "1-0"]
[WhiteElo "2189"]
[BlackElo "2202"]
[PlyCount "131"]
[EventDate "2022.04.13"]
[EventType "swiss"]
[EventRounds "9"]
[EventCountry "CAN"]

1. d4 Nf6 2. Bf4 e6 3. e3 d5 4. Nf3 Bd6 5. Nbd2 Bxf4 6. exf4 O-O 7. c3 Qd6 8.
Ne5 c5 9. Ndf3 c4 10. h4 b5 11. a3 Bd7 12. Ng5 Be8 13. Qc2 h6 14. f3 a5 15. g3
Ra7 16. Ng4 Nbd7 17. Be2 Rb7 18. Kd2 Kh8 19. Rh2 Rg8 20. Ne5 Nf8 21. Ke3 N6h7
22. Nxh7 Nxh7 23. Kf2 f6 24. Ng4 Nf8 25. h5 Re7 26. Rd1 Bc6 27. Rhh1 Nd7 28.
Ne3 Rb8 29. Rhe1 Nb6 30. Ra1 Rf8 31. Bd1 Be8 32. Rh1 Nd7 33. Qd2 f5 34. Ng2 Nf6
35. Qe3 Bxh5 36. Qe5 Qd8 37. Bc2 Be8 38. Rae1 Ng8 39. Nh4 Rf6 40. g4 fxg4 41.
fxg4 Qc7 42. Kg3 Qxe5 43. fxe5 Rf8 44. Rhf1 Rxf1 45. Rxf1 g5 46. Ng6+ Bxg6 47.
Bxg6 Kg7 48. Bh5 Rb7 49. Rf3 b4 50. axb4 axb4 51. cxb4 Ne7 52. Rf7+ Kg8 53. b5
Rxb5 54. Rxe7 Rb3+ 55. Kf2 Rxb2+ 56. Ke3 Rb3+ 57. Ke2 Rd3 58. Rxe6 Rxd4 59.
Re8+ Kg7 60. Re7+ Kf8 61. Rf7+ Kg8 62. Bg6 Rxg4 63. e6 Rg2+ 64. Kf1 Rg4 65.
Bh7+ Kh8 66. e7 1-0

[Event "Titled Tuesday 2022.02.01 B"]
[Site "chess.com INT"]
[Date "2022.02.02"]
[Round "2"]
[White "Yoo, Christopher Woojin"]
[Black "Atanasov, Anthony"]
[Result "1-0"]
[WhiteElo "2500"]
[BlackElo "2162"]
[PlyCount "67"]
[EventDate "2022.02.02"]
[EventType "swiss (blitz)"]
[EventRounds "9"]
[EventCountry "NET"]
[Source "Mark Crowther"]
[SourceDate "2022.02.07"]

1. e4 c5 2. Nf3 d6 3. d4 cxd4 4. Nxd4 Nf6 5. Nc3 a6 6. h4 e5 7. Nf5 d5 8. Qf3
d4 9. Nd5 Nxd5 10. exd5 g6 11. Nh6 f5 12. h5 Bb4+ 13. c3 e4 14. Qg3 Bd6 15. Bf4
Bxf4 16. Qxf4 Qxd5 17. hxg6 hxg6 18. Ng4 Rf8 19. Rh8 Nd7 20. Rxf8+ Kxf8 21.
Qh6+ Ke7 22. Qg5+ Kf8 23. Nf6 Qf7 24. Qh6+ Qg7 25. Nh7+ Kg8 26. Bc4+ Kh8 27.
Qh4 Qxh7 28. Qd8+ Kg7 29. O-O-O Qh6+ 30. Kb1 Nf8 31. Qe7+ Kh8 32. Qf6+ Kh7 33.
Qf7+ Qg7 34. Rh1# 1-0

[Event "Titled Tuesday 2022.02.01 B"]
[Site "chess.com INT"]
[Date "2022.02.02"]
[Round "3"]
[White "Atanasov, Anthony"]
[Black "Prieto Aranguren, A."]
[Result "1-0"]
[WhiteElo "2162"]
[BlackElo "2256"]
[PlyCount "109"]
[EventDate "2022.02.02"]
[EventType "swiss (blitz)"]
[EventRounds "9"]
[EventCountry "NET"]
[Source "Mark Crowther"]
[SourceDate "2022.02.07"]

1. d4 b6 2. Bf4 Bb7 3. e3 f5 4. Nf3 Nf6 5. Bd3 g6 6. h4 Na6 7. h5 Rg8 8. hxg6
hxg6 9. Ne5 Nb4 10. Bc4 e6 11. Nc3 g5 12. Bg3 Bxg2 13. Rh7 Nxc2+ 14. Kd2 Nxa1
15. Rxd7 Qxd7 16. Nxd7 Kxd7 17. Qxa1 Ne4+ 18. Nxe4 Bxe4 19. Qc1 Bd6 20. Bb5+ c6
21. Bxd6 Kxd6 22. Be2 Rh8 23. Qc3 Rh2 24. Qa3+ Kd7 25. Qa6 Kc7 26. Qa3 Kd7 27.
Qa6 Rc8 28. Qxa7+ Rc7 29. Qxb6 Rxf2 30. Ke1 Rh2 31. Qb4 g4 32. Qf8 Rh1+ 33. Kd2
Rc8 34. Qf7+ Kd6 35. Qg7 Rc7 36. Qf8+ Re7 37. Qd8+ Rd7 38. Qf8+ Kc7 39. Bc4
Rh2+ 40. Kc3 Rc2+ 41. Kb4 Bd5 42. b3 Bxc4 43. bxc4 Rxa2 44. Qg8 Rb2+ 45. Kc5
Ra2 46. Qxe6 Ra5+ 47. Kb4 Ra1 48. Qxf5 g3 49. Qf4+ Kc8 50. Qxg3 Rb7+ 51. Kc5
Ra5+ 52. Kd6 Rd7+ 53. Kxc6 Ra6+ 54. Kb5 Re6 55. Qg8+ 1-0

[Event "Titled Tuesday 2022.02.01 B"]
[Site "chess.com INT"]
[Date "2022.02.02"]
[Round "4"]
[White "Atanasov, Anthony"]
[Black "Balaji, Aaravamudhan"]
[Result "1-0"]
[WhiteElo "2162"]
[BlackElo "2211"]
[PlyCount "65"]
[EventDate "2022.02.02"]
[EventType "swiss (blitz)"]
[EventRounds "9"]
[EventCountry "NET"]
[Source "Mark Crowther"]
[SourceDate "2022.02.07"]

1. d4 g6 2. Bf4 Bg7 3. e3 Nf6 4. Nf3 d6 5. Bd3 O-O 6. h4 Nbd7 7. h5 Re8 8. Ng5
e5 9. hxg6 hxg6 10. dxe5 dxe5 11. Bc4 Re7 12. Bxe5 Qe8 13. Bxc7 Ng4 14. Qxg4
Nf6 15. Qg3 Qc6 16. Bxf7+ Rxf7 17. Nxf7 Kxf7 18. Nc3 Bf5 19. O-O-O Ne4 20. Nxe4
Bxe4 21. Qf4+ Kg8 22. Rd2 Rc8 23. f3 Bd5 24. Qd6 Qxd6 25. Bxd6 Bxa2 26. f4 b5
27. Be5 b4 28. Bxg7 Kxg7 29. Rd7+ Kf6 30. g4 a5 31. Rhh7 Rc6 32. e4 Re6 33. g5#
1-0

[Event "Titled Tuesday 2022.02.01 B"]
[Site "chess.com INT"]
[Date "2022.02.02"]
[Round "5"]
[White "Weetik, V."]
[Black "Atanasov, Anthony"]
[Result "0-1"]
[WhiteElo "2423"]
[BlackElo "2162"]
[PlyCount "74"]
[EventDate "2022.02.02"]
[EventType "swiss (blitz)"]
[EventRounds "9"]
[EventCountry "NET"]
[Source "Mark Crowther"]
[SourceDate "2022.02.07"]

1. e4 c5 2. Nf3 d6 3. d4 cxd4 4. Nxd4 Nf6 5. Nc3 a6 6. Be3 e6 7. g4 h6 8. Rg1
Nbd7 9. h4 b5 10. g5 hxg5 11. hxg5 Nh5 12. g6 Ne5 13. gxf7+ Nxf7 14. Rh1 b4 15.
Nc6 Qc7 16. Nxb4 d5 17. Nd3 dxe4 18. Rxh5 Rxh5 19. Qxh5 exd3 20. Bxd3 Ba3 21.
O-O-O Qxc3 22. bxa3 Rb8 23. Qc5 Qb2+ 24. Kd2 Bd7 25. Bd4 Qb7 26. Rg1 g5 27. Bg6
Qf3 28. Rg3 Qf4+ 29. Be3 Qf6 30. Qxg5 Qxg5 31. Rxg5 Rb5 32. Rg4 Ke7 33. Rb4 Ne5
34. Be4 a5 35. Rd4 Bc6 36. f4 Nf3+ 37. Bxf3 Bxf3 0-1

[Event "Titled Tuesday 2022.02.01 B"]
[Site "chess.com INT"]
[Date "2022.02.02"]
[Round "7"]
[White "Atanasov, Anthony"]
[Black "Tregubov, P."]
[Result "1-0"]
[WhiteElo "2162"]
[BlackElo "2537"]
[PlyCount "53"]
[EventDate "2022.02.02"]
[EventType "swiss (blitz)"]
[EventRounds "9"]
[EventCountry "NET"]
[Source "Mark Crowther"]
[SourceDate "2022.02.07"]

1. d4 Nf6 2. Nf3 c5 3. d5 b5 4. Bg5 Qb6 5. Nbd2 Nxd5 6. e4 Nc7 7. a4 a6 8. axb5
axb5 9. Rxa8 Nxa8 10. c3 Bb7 11. Qb3 Nc7 12. Be3 e6 13. e5 Be7 14. Bd3 Qa5 15.
Ke2 O-O 16. Bb1 Nd5 17. Qc2 g6 18. Bh6 Rc8 19. h4 Qa4 20. b3 Qa5 21. Ne4 Nc6
22. h5 c4 23. bxc4 Ncb4 24. cxb4 Nxb4 25. Qd2 Rxc4 26. Qxd7 Qd8 27. Qxd8+ 1-0

[Event "Titled Tuesday 2022.02.01 A"]
[Site "chess.com INT"]
[Date "2022.02.01"]
[Round "2"]
[White "Atanasov, Anthony"]
[Black "Konenkin, D."]
[Result "1-0"]
[WhiteElo "2162"]
[BlackElo "2267"]
[PlyCount "85"]
[EventDate "2022.02.01"]
[EventType "swiss (blitz)"]
[EventRounds "9"]
[EventCountry "NET"]
[Source "Mark Crowther"]
[SourceDate "2022.02.07"]

1. d4 d6 2. Nf3 Bg4 3. c4 Nd7 4. Nc3 e5 5. dxe5 dxe5 6. h3 Bh5 7. g4 Bg6 8. Bg2
c6 9. Be3 Qc7 10. Ng5 Bc5 11. Bxc5 Nxc5 12. b4 Na6 13. Qa4 Nf6 14. b5 Nc5 15.
Qa3 Qe7 16. O-O e4 17. bxc6 bxc6 18. Rfd1 O-O 19. Na4 Nfd7 20. Rxd7 Qxd7 21.
Nxc5 Qd4 22. Rc1 Rfe8 23. h4 h6 24. e3 Qd2 25. Ngxe4 Qe2 26. Ng3 Qxg4 27. Bxc6
Rac8 28. Bxe8 Rxe8 29. Qxa7 Qxh4 30. Qd7 Rf8 31. Qc6 Qg4 32. Qg2 f5 33. Ne6 Re8
34. Nf4 Bf7 35. c5 Qg5 36. c6 Rc8 37. c7 Qe7 38. Qb7 Qd7 39. Qc6 Qe7 40. Nxf5
Qg5+ 41. Ng3 Be8 42. Qe6+ Kh7 43. Qxc8 1-0

[Event "Titled Tuesday 2022.02.01 A"]
[Site "chess.com INT"]
[Date "2022.02.01"]
[Round "3"]
[White "Atanasov, Anthony"]
[Black "Karthikeyan, M2."]
[Result "1-0"]
[WhiteElo "2162"]
[BlackElo "2637"]
[PlyCount "57"]
[EventDate "2022.02.01"]
[EventType "swiss (blitz)"]
[EventRounds "9"]
[EventCountry "NET"]
[Source "Mark Crowther"]
[SourceDate "2022.02.07"]

1. d4 Nf6 2. Nf3 e6 3. Bf4 c5 4. e3 Nc6 5. Nbd2 d5 6. c3 Bd6 7. Bg3 O-O 8. Bd3
Qe7 9. Ne5 Nd7 10. Nxd7 Bxd7 11. Bxd6 Qxd6 12. dxc5 Qc7 13. O-O Ne5 14. Bc2 f5
15. b4 b6 16. Nb3 Ba4 17. Nd4 Bd7 18. Nb3 Rf6 19. f4 Nc4 20. Qd4 Ba4 21. Bd3
Na3 22. Qe5 Qc8 23. Nd4 bxc5 24. bxc5 Bd7 25. c6 Be8 26. Qd6 Nc4 27. Bxc4 dxc4
28. Rab1 Kh8 29. c7 1-0

[Event "Titled Tuesday 2022.02.01 A"]
[Site "chess.com INT"]
[Date "2022.02.01"]
[Round "4"]
[White "Tregubov, P."]
[Black "Atanasov, Anthony"]
[Result "1/2-1/2"]
[WhiteElo "2537"]
[BlackElo "2162"]
[PlyCount "117"]
[EventDate "2022.02.01"]
[EventType "swiss (blitz)"]
[EventRounds "9"]
[EventCountry "NET"]
[Source "Mark Crowther"]
[SourceDate "2022.02.07"]

1. e4 c5 2. Nf3 d6 3. Bb5+ Nd7 4. Ba4 e6 5. O-O a6 6. c3 b5 7. Bc2 Ngf6 8. d4
cxd4 9. cxd4 Bb7 10. Re1 Be7 11. Nc3 O-O 12. Bf4 Nb6 13. Qd3 Nc4 14. b3 Na3 15.
Bd1 b4 16. Na4 d5 17. e5 Ne4 18. Nd2 Nb5 19. Nxe4 dxe4 20. Qd2 Qxd4 21. Bc2 f5
22. Rad1 Qxd2 23. Rxd2 Rad8 24. Red1 Rxd2 25. Rxd2 Rd8 26. Rxd8+ Bxd8 27. Be3
Bc7 28. Bc5 a5 29. f4 exf3 30. Bd3 Nc3 31. Bd6 Nxa4 32. Bxc7 Nc5 33. Bc4 fxg2
34. Bxa5 Ne4 35. Kxg2 Nd2+ 36. Kf2 Nxc4 37. bxc4 Ba6 38. c5 Bc4 39. c6 Bd5 40.
c7 Bb7 41. Bxb4 Kf7 42. Ke3 Ke8 43. Kd4 Kd7 44. Bd6 Bd5 45. a4 g5 46. a5 g4 47.
a6 h5 48. a7 h4 49. Ke3 h3 50. Kf2 Kc8 51. Kg3 Kd7 52. Kf4 Kc8 53. Kg3 Kd7 54.
Kf4 Bb7 55. Kg3 Ba8 56. Kf4 Bc6 57. Kg3 Kc8 58. Kf4 Bd5 59. Kg3 1/2-1/2

[Event "Titled Tuesday 2022.02.01 A"]
[Site "chess.com INT"]
[Date "2022.02.01"]
[Round "5"]
[White "Atanasov, Anthony"]
[Black "Goryachkina, A."]
[Result "0-1"]
[WhiteElo "2162"]
[BlackElo "2610"]
[PlyCount "50"]
[EventDate "2022.02.01"]
[EventType "swiss (blitz)"]
[EventRounds "9"]
[EventCountry "NET"]
[Source "Mark Crowther"]
[SourceDate "2022.02.07"]

1. d4 d5 2. Bf4 Nf6 3. e3 Bf5 4. Nf3 e6 5. Nbd2 Bd6 6. Ne5 Nbd7 7. Bd3 Bg6 8.
h4 Qe7 9. Qf3 c5 10. Nxg6 hxg6 11. c3 Bxf4 12. Qxf4 e5 13. dxe5 Nxe5 14. Bb5+
Kf8 15. Nf3 Nxf3+ 16. Qxf3 a6 17. Bd3 Rd8 18. O-O-O b5 19. Qf4 c4 20. Bc2 b4
21. cxb4 Qxb4 22. a3 Qb7 23. Qd4 Rc8 24. e4 dxe4 25. g4 c3 0-1

[Event "Titled Tuesday 2022.01.25"]
[Site "chess.com INT"]
[Date "2022.01.25"]
[Round "2"]
[White "Atanasov, Anthony"]
[Black "Jodorcovsky, P."]
[Result "1-0"]
[WhiteElo "2162"]
[BlackElo "2213"]
[PlyCount "33"]
[EventDate "2022.01.25"]
[EventType "swiss (blitz)"]
[EventRounds "11"]
[EventCountry "NET"]
[Source "Mark Crowther"]
[SourceDate "2022.01.31"]

1. d4 d5 2. Bf4 c5 3. e3 Nc6 4. Nf3 Nf6 5. Nbd2 e6 6. c3 Bd6 7. Bg3 O-O 8. Bd3
b6 9. e4 dxe4 10. Nxe4 Be7 11. Nxf6+ Bxf6 12. h4 cxd4 13. Bxh7+ Kh8 14. Ng5
dxc3 15. Qh5 Qd2+ 16. Kf1 Ba6+ 17. Bd3+ 1-0

[Event "Titled Tuesday 2022.01.18"]
[Site "chess.com INT"]
[Date "2022.01.18"]
[Round "2"]
[White "Novikova, Galina"]
[Black "Atanasov, Anthony"]
[Result "1-0"]
[WhiteElo "2073"]
[BlackElo "2162"]
[PlyCount "57"]
[EventDate "2022.01.18"]
[EventType "swiss (blitz)"]
[EventRounds "11"]
[EventCountry "NET"]
[Source "Mark Crowther"]
[SourceDate "2022.01.24"]

1. e4 c5 2. Nf3 d6 3. d4 cxd4 4. Nxd4 Nf6 5. Nc3 a6 6. h3 e5 7. Nde2 Be7 8. g4
h6 9. Bg2 Be6 10. Ng3 Nc6 11. Be3 b5 12. Nf5 Bxf5 13. exf5 Qd7 14. O-O Rc8 15.
a4 b4 16. Nd5 Nxd5 17. Bxd5 Bg5 18. Qf3 Bxe3 19. fxe3 Ne7 20. f6 Nxd5 21. fxg7
Rg8 22. Qxd5 Rxg7 23. Rf6 Rxc2 24. Rxd6 Qc7 25. Rd1 Qc5 26. Rd8+ Ke7 27. Qd7+
Kf6 28. Qf5+ Ke7 29. R1d7# 1-0

[Event "Titled Tuesday 2022.01.11"]
[Site "chess.com INT"]
[Date "2022.01.11"]
[Round "2"]
[White "Atanasov, Anthony"]
[Black "Tsvetkov, Andrey"]
[Result "0-1"]
[WhiteElo "2162"]
[BlackElo "2384"]
[PlyCount "68"]
[EventDate "2022.01.11"]
[EventType "swiss (blitz)"]
[EventRounds "11"]
[EventCountry "NET"]
[Source "Mark Crowther"]
[SourceDate "2022.01.17"]

1. d4 d5 2. Bf4 c5 3. e3 Nc6 4. Nf3 Nf6 5. Nbd2 Qb6 6. dxc5 Qxb2 7. Rb1 Qc3 8.
Bb5 e6 9. O-O Be7 10. e4 O-O 11. e5 Nd7 12. Nb3 Qb4 13. Nfd4 Ndxe5 14. Bd2 Qa3
15. Bc1 Qb4 16. a3 Qc3 17. Bd2 Qxd4 18. Nxd4 Nxd4 19. Bc3 Nxb5 20. Bxe5 Nxa3
21. Rb3 Nc4 22. Qh5 f6 23. Bd4 e5 24. Qf3 Rd8 25. Be3 d4 26. Qe2 Be6 27. Rxb7
Bxc5 28. Bh6 gxh6 29. Qe4 f5 30. Qc6 Bd6 31. f4 e4 32. g4 fxg4 33. f5 Ne5 34.
Qa6 Bc4 0-1

[Event "Titled Tuesday 2022.01.04"]
[Site "chess.com INT"]
[Date "2022.01.04"]
[Round "2"]
[White "Atanasov, Anthony"]
[Black "Kahlert, T."]
[Result "1-0"]
[WhiteElo "2162"]
[BlackElo "2148"]
[PlyCount "49"]
[EventDate "2022.01.04"]
[EventType "swiss (blitz)"]
[EventRounds "11"]
[EventCountry "NET"]
[Source "Mark Crowther"]
[SourceDate "2022.01.10"]

1. d4 Nf6 2. Bf4 d5 3. e3 c5 4. Nf3 Nc6 5. Nbd2 g6 6. c3 Bg7 7. Bd3 O-O 8. h4
h5 9. dxc5 Nd7 10. Nb3 e5 11. Bg5 f6 12. Bxg6 fxg5 13. Qxd5+ Kh8 14. hxg5 Nf6
15. Qxd8 Nxd8 16. gxf6 Bxf6 17. Rxh5+ Kg7 18. Be4 Bg4 19. Rh7+ Kg8 20. O-O-O
Ne6 21. Rdh1 Rad8 22. Rxb7 Bxf3 23. gxf3 Ng5 24. Rxa7 Nxe4 25. fxe4 1-0

[Event "Titled Tuesday 2022.01.04"]
[Site "chess.com INT"]
[Date "2022.01.04"]
[Round "3"]
[White "Nakamura, Hikaru"]
[Black "Atanasov, Anthony"]
[Result "1-0"]
[WhiteElo "2736"]
[BlackElo "2162"]
[PlyCount "53"]
[EventDate "2022.01.04"]
[EventType "swiss (blitz)"]
[EventRounds "11"]
[EventCountry "NET"]
[Source "Mark Crowther"]
[SourceDate "2022.01.10"]

1. Nf3 Nf6 2. b3 g6 3. Bb2 Bg7 4. d4 O-O 5. e3 d5 6. c4 c6 7. Bd3 Bf5 8. Bxf5
gxf5 9. h3 e6 10. Nbd2 Ne4 11. g4 f4 12. Qc2 f5 13. gxf5 fxe3 14. Nxe4 dxe4 15.
Qxe4 exf2+ 16. Kxf2 exf5 17. Qe6+ Kh8 18. Rhg1 Qd7 19. Qe2 Re8 20. Qd2 Qf7 21.
d5 Bf6 22. Ng5 Qg7 23. Ne6 Qf7 24. Rg7 Bxg7 25. Bxg7+ Kg8 26. Rg1 Qh5 27. Bb2+
1-0

[Event "Sunway op"]
[Site "Sitges ESP"]
[Date "2021.12.16"]
[Round "4.66"]
[White "Atanasov, Anthony"]
[Black "Santarius, Erik"]
[Result "1/2-1/2"]
[WhiteElo "2162"]
[BlackElo "2355"]
[PlyCount "103"]
[EventDate "2021.12.13"]
[EventType "swiss"]
[EventRounds "10"]
[EventCountry "ESP"]
[Source "ChessMix"]
[SourceDate "2022.01.01"]

1. d4 d5 2. Bf4 c5 3. e3 cxd4 4. exd4 Nc6 5. Nf3 Bg4 6. Nbd2 e6 7. c3 Bd6 8.
Bxd6 Qxd6 9. Qb3 Qc7 10. Bb5 Bxf3 11. Nxf3 a6 12. Qa4 Nge7 13. Bd3 Rc8 14. O-O
O-O 15. Rae1 b5 16. Qc2 g6 17. Qd2 Kg7 18. Ng5 h6 19. Nh3 b4 20. Re3 bxc3 21.
bxc3 Nf5 22. Rf3 Qd6 23. Nf4 Na5 24. g4 Ne7 25. Re1 Nc4 26. Qc1 Rc7 27. Bxg6
fxg6 28. Rxe6 Rxf4 29. Qxf4 Qxf4 30. Rxf4 Ng8 31. Rxa6 Nd2 32. h4 Ne4 33. g5
hxg5 34. hxg5 Ne7 35. Kg2 Nf5 36. Ra5 Nxc3 37. Rc5 Rxc5 38. dxc5 Kf7 39. c6 Ke6
40. c7 Kd7 41. f3 d4 42. Kf2 Nd1+ 43. Ke2 Nde3 44. Rxd4+ Nxd4+ 45. Kxe3 Nc6 46.
Ke4 Kxc7 47. f4 Ne7 48. Ke5 Nf5 49. Kf6 Nh4 50. f5 gxf5 51. g6 Nxg6 52. Kxf5
1/2-1/2

[Event "Titled Tuesday 2021.11.30"]
[Site "chess.com INT"]
[Date "2021.11.30"]
[Round "2"]
[White "Atanasov, Anthony"]
[Black "Kaminski, V."]
[Result "1/2-1/2"]
[WhiteElo "2228"]
[BlackElo "2247"]
[PlyCount "245"]
[EventDate "2021.11.30"]
[EventType "swiss (blitz)"]
[EventRounds "11"]
[EventCountry "NET"]
[Source "Mark Crowther"]
[SourceDate "2021.12.06"]

1. d4 Nf6 2. Bf4 c5 3. e3 e6 4. Nf3 Nc6 5. Nbd2 d5 6. c3 Bd6 7. Bg3 O-O 8. Bd3
Qe7 9. Ne5 Bxe5 10. dxe5 Nd7 11. Nf3 a5 12. h4 h6 13. a4 b6 14. Bb1 f5 15. exf6
Nxf6 16. h5 Ne4 17. Bxe4 dxe4 18. Bd6 Qf7 19. Bxf8 exf3 20. Bd6 fxg2 21. Rg1
Bb7 22. Qg4 Rd8 23. O-O-O Na7 24. Be5 Rxd1+ 25. Qxd1 Qxf2 26. Kb1 Be4+ 27. Ka1
Bd3 28. Ka2 Bc4+ 29. Ka3 Bd5 30. Qg4 Qf8 31. e4 c4+ 32. Ka2 Bc6 33. Rxg2 Bxa4
34. Qxg7+ Qxg7 35. Rxg7+ Kf8 36. Rxa7 Bb3+ 37. Ka3 Bc2 38. Rxa5 Bxe4 39. Ka4
bxa5 40. Kxa5 Bf3 41. Kb5 Bd5 42. Kc5 Kf7 43. Kd6 Bf3 44. Kc5 Bd5 45. Kd4 Ke7
46. Bf4 Bf3 47. Kxc4 Kd7 48. Kd4 Bxh5 49. b4 Be2 50. Bxh6 Kc6 51. Bf4 Kb5 52.
Bd6 Bc4 53. Ke5 Bd5 54. Bc5 Bc4 55. Bd4 Bd5 56. Kd6 Bc4 57. Ke5 Bd5 58. Kf4 Bc4
59. Ke3 Bd5 60. Kd2 Bc4 61. Ke1 Bd5 62. Kf2 Bc4 63. Kg3 Bd5 64. Kh3 Bc4 65. Kh4
Bd5 66. Kh5 Bc4 67. Kg6 Bd5 68. Kf6 Bc4 69. Ke7 Bd5 70. Kd6 Bc4 71. Be5 Bd5 72.
Kc7 Bc4 73. Kb7 Bd5+ 74. Ka7 Bc4 75. Kb8 Bd5 76. Kc7 Bc4 77. Kd8 Bd5 78. Kd7
Bc4 79. Ke8 Bd5 80. Ke7 Bc4 81. Kf8 Bd5 82. Kf7 Bc4 83. Bd6 Bd5 84. Kf6 Bc4 85.
Ke5 Bd5 86. Kd4 Bc4 87. Bc5 Bd5 88. c4+ Bxc4 89. Ke5 Bd5 90. Bd6 Bc4 91. Be7
Bd5 92. Bf8 Bc4 93. Bg7 Bd5 94. Bf6 Bc4 95. Bg5 Bd5 96. Bf4 Bc4 97. Bd2 Bd5 98.
Be1 Bc4 99. Kd4 Bd5 100. Kc3 Bc4 101. Kd2 Bd5 102. Ke3 Bc4 103. Kf4 Bd5 104.
Kg3 Bc4 105. Kh4 Bd5 106. Kg5 Bc4 107. Kf6 Bd5 108. Ke7 Bc4 109. Kd6 Bd5 110.
Kc7 Bc4 111. Kb8 Bd5 112. Ka7 Bc4 113. Kb7 Bd5+ 114. Kc7 Bc4 115. Kd6 Bd5 116.
Ke5 Bc4 117. Kd4 Bd5 118. Kc3 Bc4 119. Kb2 Bd5 120. Ka1 Bc4 121. Kb2 Bd5 122.
Ka3 Bc4 123. Kb2 1/2-1/2